|
|
|
|
| LEADER |
00000nam0a2200000 4500 |
| 001 |
38361 |
| 005 |
20231031005604.0 |
| 010 |
|
|
|a 5247017811
|
| 035 |
|
|
|a (RuTPU)RU\TPU\book\39081
|
| 090 |
|
|
|a 38361
|
| 100 |
|
|
|a 20020304d1990 k y0rusy50 ca
|
| 101 |
0 |
|
|a rus
|
| 102 |
|
|
|a RU
|
| 105 |
|
|
|a a z 001zy
|
| 200 |
1 |
|
|a Сейсмическое действие взрыва в горных породах
|f А. А. Кузьменко [и др.]
|
| 210 |
|
|
|a Москва
|c Недра
|d 1990
|
| 215 |
|
|
|a 173 с.
|c ил.
|
| 300 |
|
|
|a Авторы указаны на обороте титульного листа.
|
| 320 |
|
|
|a Библиогр.: с. 171-172.
|
| 610 |
1 |
|
|a горное дело
|
| 610 |
1 |
|
|a взрывы
|
| 610 |
1 |
|
|a горные породы
|
| 610 |
1 |
|
|a сейсмические эффекты
|
| 610 |
1 |
|
|a заряды
|
| 610 |
1 |
|
|a антисейсмические мероприятия
|
| 675 |
|
|
|a 622.235.5
|v 3
|
| 701 |
|
1 |
|a Кузьменко
|b А. А.
|g Анатолий Александрович
|
| 701 |
|
1 |
|a Воробьев
|b В. Д.
|g Виктор Данилович
|
| 701 |
|
1 |
|a Денисюк
|b И. И.
|g Иван Иванович
|
| 701 |
|
1 |
|a Дауетас
|b А. А.
|g Андрюс Аугустович
|
| 801 |
|
1 |
|a RU
|b 63413507
|c 20020304
|g PSBO
|
| 801 |
|
2 |
|a RU
|b 63413507
|c 20131130
|g PSBO
|
| 942 |
|
|
|c BK
|